| 000 | 01975nam a22002057a 4500 | ||
|---|---|---|---|
| 005 | 20260209143137.0 | ||
| 008 | 260127b ||||| |||| 00| 0 eng d | ||
| 040 | _cSSBUL | ||
| 041 | _aEnglish | ||
| 082 |
_223 _bT-21 Ph.D |
||
| 100 | 0 |
_aKhaing Khaing Myint, _b4 PhD-Hist-16. _965764 |
|
| 245 | 1 | 0 |
_aHistory of Dabayin (1819-1885) / _cKhaing Khaing Myint. |
| 260 |
_aMandalay : _bUniversity of Mandalay, _c2012. |
||
| 300 |
_axxiii, 174 p. , _bmap, _c29 cm. |
||
| 502 |
_aDabayin emerged as one of the towns founded since Bagan Period. According to local saying and concrete evidence, Dabayin had been founded as one of the twenty-two Lay-ya-byu-myos - the towns which had to submit four hundred servicemen to the crown in late twelveth century A.D. Since that time on, Dabayin stood as an important garrison towns till Konbaung Period. This dissertation discusses the evolution of Dabayin Town throughout history. It also examines the territorial changes of the town, the politics, administration and agrarian economy of the region. The role of the sangha institution in the rural community of Dabayin was also investigated in this dissertation. In other words, this dissertation examines the role of Dabayin in the history of late Konbaung Dynasty. In this dissertation, the primary source materials such as land rolls, revenue inquests, royal orders which were mentioned in palm leaf manuscripts and parabaiks - black folded books and other reliable source materials are used. The researcher of this dissertation carried out a wide range of field trips to obtain primary sources to give new information. _bPh.D _cUniversity of Mandalay _d2012 |
||
| 504 | _aIncluded bibliography | ||
| 505 |
_aIntroduction
Chapters
1. Administration
2. Social Conditions
3. Economic Conditions
4. Religion
Conclusion
Map
Appendices
Bibliography _rKhaing Khaing Myint _tHistory of Dabayin (1819-1885) |
||
| 650 |
_aDabayin, Myanmar _xHistory. _965765 _y(1819-1885) |
||
| 942 |
_2ddc _cREF |
||
| 999 |
_c47314 _d47314 |
||